000
00320nam a2200133Ia 4500
008
231129s1974||||xx |||||||||||||| ||spa||
040
_b
spa
082
_a
330.9861 A773
100
_a
Arrubla Mario
245
0
_a
Estudio sobre el subdesarrollo colombiano
260
_c
1974
264
_a
La Carreta
942
_2
ddc
_c
BKS
999
_c
13648
_d
13648